Jane's surface skimmers.

Bibliographic Details
New Title:Jane's high-speed marine craft and air cushion vehicles
Previous Title:Jane's surface skimmer systems
Other Authors: McLeavy, Roy
Format: Serial
Language:English
Published: New York : McGraw-Hill, 1970-1985.
Subjects:
Online Availability: Check for online availability

MARC

Tag First Indicator Second Indicator Subfields
LEADER 00000cas a2200000 a 4500
001 in00000047768
005 20151007075521.0
008 751029d19711985enkar2 0uuua0eng d
010 |a  72618672  
012 |a 3  |b 3  |e s 
019 |a 2207593  |a 4222874  |a 7767395  |a 6896339 
022 0 |a 0075-305X 
035 |a (OCoLC)01742891 
035 |9 AAF3351AM 
040 |a FXG  |c FXG  |d COO  |d FUG  |d COO  |d NSD  |d m.c.  |d DLC  |d NST  |d DLC  |d OCL  |d NST  |d OCL  |d NST  |d DLC  |d TXA  |d UtOrBLW 
042 |a nsdp  |a lc 
049 |a TXAE 
090 |a VM363  |b .J3 
210 0 |a Jane's surf. skimmers 
222 0 |a Jane's surface skimmers 
245 0 0 |a Jane's surface skimmers. 
264 1 |a New York :  |b McGraw-Hill,  |c 1970-1985. 
300 |a 14 volumes :  |b illustrations ;  |c 33 cm. 
310 |a Annual 
336 |a text  |b txt  |2 rdacontent 
337 |a unmediated  |b n  |2 rdamedia 
338 |a volume  |b nc  |2 rdacarrier 
362 0 |a 4th ed. (1970-71)-18th ed. (1985). 
500 |a Imprints varies. 
500 |a Editor: 1970-71-, R. McLeavy. 
650 0 |a Ground-effect machines  |x Periodicals. 
650 0 |a Hydrofoil boats  |x Periodicals. 
700 1 |a McLeavy, Roy. 
780 0 0 |t Jane's surface skimmer systems  |w (DLC) 68000316 
785 0 0 |t Jane's high-speed marine craft and air cushion vehicles  |w (DLC) 87640638  |w (OCoLC)13764062 
948 |a t2 
999 |a MARS 
999 f f |s de53927d-25b0-3fd0-b6b5-ae3565ddbb1c  |i 01f96b52-7a16-3f95-b0c1-d5f75aa84a79  |t 0 
952 f f |p ric  |a Texas A&M University  |b Rellis Campus  |c Joint Library Facility  |d Remote Storage  |t 0  |e VM363 .J3  |h Library of Congress classification  |i unmediated -- volume  |k 6th  |l 1972/1973  |m A14821199170 
952 f f |p ric  |a Texas A&M University  |b Rellis Campus  |c Joint Library Facility  |d Remote Storage  |t 0  |e VM363 .J3  |h Library of Congress classification  |i unmediated -- volume  |k 17th ed.  |l 1984  |m A14808082435 
952 f f |p ric  |a Texas A&M University  |b Rellis Campus  |c Joint Library Facility  |d Remote Storage  |t 0  |e VM363 .J3  |h Library of Congress classification  |i unmediated -- volume  |k 10th ed.  |l 1976/1977  |m A14821199324 
952 f f |p ric  |a Texas A&M University  |b Rellis Campus  |c Joint Library Facility  |d Remote Storage  |t 0  |e VM363 .J3  |h Library of Congress classification  |i unmediated -- volume  |k 14th ed.  |l 1981  |m A14807236803 
952 f f |p ric  |a Texas A&M University  |b Rellis Campus  |c Joint Library Facility  |d Remote Storage  |t 0  |e VM363 .J3  |h Library of Congress classification  |i unmediated -- volume  |k 8th ed.  |l 1974/1975  |m A14813910164 
952 f f |p ric  |a Texas A&M University  |b Rellis Campus  |c Joint Library Facility  |d Remote Storage  |t 0  |e VM363 .J3  |h Library of Congress classification  |i unmediated -- volume  |k 16th ed.  |l 1983  |m A14806449089 
952 f f |p ric  |a Texas A&M University  |b Rellis Campus  |c Joint Library Facility  |d Remote Storage  |t 0  |e VM363 .J3  |h Library of Congress classification  |i unmediated -- volume  |k 9th ed.  |l 1975/1976  |m A14821199277 
952 f f |p ric  |a Texas A&M University  |b Rellis Campus  |c Joint Library Facility  |d Remote Storage  |t 0  |e VM363 .J3  |h Library of Congress classification  |i unmediated -- volume  |k 12th ed.  |l 1979  |m A14808577650 
952 f f |p ric  |a Texas A&M University  |b Rellis Campus  |c Joint Library Facility  |d Remote Storage  |t 0  |e VM363 .J3  |h Library of Congress classification  |i unmediated -- volume  |k 15th ed.  |l 1982  |m A14807236895 
952 f f |p ric  |a Texas A&M University  |b Rellis Campus  |c Joint Library Facility  |d Remote Storage  |t 0  |e VM363 .J3  |h Library of Congress classification  |i unmediated -- volume  |k 13th ed.  |l 1980  |m A14821199374 
952 f f |p ric  |a Texas A&M University  |b Rellis Campus  |c Joint Library Facility  |d Remote Storage  |t 0  |e VM363 .J3  |h Library of Congress classification  |i unmediated -- volume  |k 18th ed.  |l 1985  |m A14808411309 
952 f f |p ric  |a Texas A&M University  |b Rellis Campus  |c Joint Library Facility  |d Remote Storage  |t 0  |e VM363 .J3  |h Library of Congress classification  |i unmediated -- volume  |k 7th ed.  |l 1973/1974  |m A14821199227 
952 f f |p ric  |a Texas A&M University  |b Rellis Campus  |c Joint Library Facility  |d Remote Storage  |t 0  |e VM363 .J3  |h Library of Congress classification  |i unmediated -- volume  |k 11th ed.  |l 1978  |m A14808101035 
998 f f |a VM363 .J3  |s 6th ed. (1972/1973)-18th ed. (1985)  |t 0  |l Remote Storage